书目信息 |
| 题名: |
生命大解密
|
|
| 作者: | 杨焕明 著 | |
| 分册: | ||
| 出版信息: | 北京 中国青年出版社 2000 |
|
| 页数: | 170页 | |
| 开本: | 20cm | |
| 丛书名: | ||
| 单 册: | ||
| 中图分类: | Q987-49 | |
| 科图分类: | ||
| 主题词: | 人类基因--基因组--普及读物 | |
| 电子资源: | ||
| ISBN: | 7-5006-3841-8 | |
| 000 | 00956nam0 2200241 450 | |
| 001 | 1570643332 | |
| 005 | 20150116193916.31 | |
| 010 | @a7-5006-3841-8@dCNY8.00 | |
| 100 | @a20010808d2000 ekmy0chiy0110 ea | |
| 101 | 0 | @achi |
| 102 | @aCN@b110000 | |
| 105 | @aa z 000yy | |
| 200 | 1 | @a生命大解密@9sheng ming da jie mi@e人类基因组计划@f杨焕明等[著] |
| 210 | @a北京@c中国青年出版社@d2000 | |
| 215 | @a170页@c插图@d20cm | |
| 314 | @a杨焕明,现任中科院遗传所教授及人类基因组中心主任。著有《生命大解密——人类基因组计划》等。 | |
| 330 | @a本书内容有:人的基因组就像地球,一个染色体就像一个国家,一个基因就像一幢楼;所有的疾病,都可以说是基因病,解读生命的密码,是人类基因组计划的目的;基因诊断,本世纪最具有竞争性的行业之一等。 | |
| 517 | 1 | @a人类基因组计划@9ren lei ji yin zu ji hua |
| 606 | 0 | @a人类基因@x基因组@j普及读物 |
| 690 | @aQ987-49@v5 | |
| 701 | 0 | @a杨焕明@9yang huan ming@4著 |
| 801 | 0 | @aCN@bTSSF@c20150115 |
| 905 | @aZUCC@dQ987-49@eJY9 | |
| 生命大解密:人类基因组计划/杨焕明等[著].-北京:中国青年出版社,2000 |
| 170页:插图;20cm |
| ISBN 7-5006-3841-8:CNY8.00 |
| 本书内容有:人的基因组就像地球,一个染色体就像一个国家,一个基因就像一幢楼;所有的疾病,都可以说是基因病,解读生命的密码,是人类基因组计划的目的;基因诊断,本世纪最具有竞争性的行业之一等。 |
| ● |
| 相关链接 |
|
|
|
|
正题名:生命大解密
索取号:Q987-49/JY9
 
预约/预借
| 序号 | 登录号 | 条形码 | 馆藏地/架位号 | 状态 | 备注 |
| 1 | 7851478 | 278514788 | 学院路分馆/ [索取号:Q987-49/JY9] | 在馆 | |
| 2 | 7851479 | 278514797 | 学院路分馆/ [索取号:Q987-49/JY9] | 在馆 |